000 00914cam a2200217 4500
001 WB3725-35
008 000000n2001 000 0 eng u
035 _a(Sirsi) u113285
245 _aLenders sign up for desktop system
260 _c2001
490 _aEstates Gazette
_v(0125) 23 June 2001, 48(1)
520 _aUS mortgage lender Countrywide Credit Industries plans to join forces with UK mortgage lenders including Woolwich, Abbey National and Alliance & Lester to launch UKValuation. The desktop valuation system will incorporate data from its partners, other UK lenders and the Land Registry, and will initially be launched as a support tool for residential surveyors.
590 _aWB
650 _aCOUNTRYWIDE
650 _aDATABASES
650 _aUKVALUATION
650 _aRESIDENTIAL SURVEYORS
650 _aVALUATIONS
690 _aPROPERTY-PROPERTY APPRAISAL AND VALUATION
942 _n0
999 _c67485
_d67485